| 000 | 00494nam a2200181Ia 4500 | ||
|---|---|---|---|
| 999 |
_c4885 _d4885 |
||
| 020 | _a0-7619-3237-2 | ||
| 082 | _a324.254 THA-T | ||
| 100 | _aThakura, Paranjoy Guha | ||
| 245 | 0 | _aTime of coalitions: divided we stand | |
| 260 |
_aNew Delhi _bSage Publications _c2004 |
||
| 300 | _a413 | ||
| 504 | _ainludes index | ||
| 650 |
_aPolitical parties _zIndia |
||
| 650 |
_aCoalition governments _zIndia |
||
| 650 |
_aIndia _vPolitics and government |
||
| 700 | _aRaghuraman, Shanker | ||
| 942 | _cBK | ||